<?xml version="1.0" encoding="UTF-8"?><?xml-stylesheet type="text/xsl" href="static/style.xsl"?><OAI-PMH xmlns="http://www.openarchives.org/OAI/2.0/" xmlns:xsi="http://www.w3.org/2001/XMLSchema-instance" xsi:schemaLocation="http://www.openarchives.org/OAI/2.0/ http://www.openarchives.org/OAI/2.0/OAI-PMH.xsd"><responseDate>2026-04-18T07:01:48Z</responseDate><request verb="GetRecord" identifier="oai:www.recercat.cat:11351/10257" metadataPrefix="marc">https://recercat.cat/oai/request</request><GetRecord><record><header><identifier>oai:recercat.cat:11351/10257</identifier><datestamp>2025-10-04T05:20:25Z</datestamp><setSpec>com_2072_378070</setSpec><setSpec>com_2072_378040</setSpec><setSpec>col_2072_378092</setSpec></header><metadata><record xmlns="http://www.loc.gov/MARC21/slim" xmlns:dcterms="http://purl.org/dc/terms/" xmlns:xsi="http://www.w3.org/2001/XMLSchema-instance" xmlns:doc="http://www.lyncode.com/xoai" xsi:schemaLocation="http://www.loc.gov/MARC21/slim http://www.loc.gov/standards/marcxml/schema/MARC21slim.xsd">
   <leader>00925njm 22002777a 4500</leader>
   <datafield ind2=" " ind1=" " tag="042">
      <subfield code="a">dc</subfield>
   </datafield>
   <datafield ind2=" " ind1=" " tag="720">
      <subfield code="a">Bebb, D Gwyn</subfield>
      <subfield code="e">author</subfield>
   </datafield>
   <datafield ind2=" " ind1=" " tag="720">
      <subfield code="a">Murray, Cressida</subfield>
      <subfield code="e">author</subfield>
   </datafield>
   <datafield ind2=" " ind1=" " tag="720">
      <subfield code="a">Giannopoulou, Andromachi</subfield>
      <subfield code="e">author</subfield>
   </datafield>
   <datafield ind2=" " ind1=" " tag="720">
      <subfield code="a">FELIP, ENRIQUETA</subfield>
      <subfield code="e">author</subfield>
   </datafield>
   <datafield ind2=" " ind1=" " tag="260">
      <subfield code="c">2023-09-08T09:13:49Z</subfield>
   </datafield>
   <datafield ind2=" " ind1=" " tag="260">
      <subfield code="c">2023-09-08T09:13:49Z</subfield>
   </datafield>
   <datafield ind2=" " ind1=" " tag="260">
      <subfield code="c">2023-09</subfield>
   </datafield>
   <datafield ind2=" " ind1=" " tag="520">
      <subfield code="a">Caregiver; Patient-reported outcome; Small cell lung cancer</subfield>
   </datafield>
   <datafield ind2=" " ind1=" " tag="520">
      <subfield code="a">Cuidador; Resultado informado por el paciente; Cáncer de pulmón de células pequeñas</subfield>
   </datafield>
   <datafield ind2=" " ind1=" " tag="520">
      <subfield code="a">Cuidador; Resultat informat pel pacient; Càncer de pulmó de cèl·lules petites</subfield>
   </datafield>
   <datafield ind2=" " ind1=" " tag="520">
      <subfield code="a">Introduction&#xd;
Understanding of the patient-perceived symptom burden of small cell lung cancer (SCLC) is limited. The objective of this study was to explore patients’ experiences with SCLC, identify which treatment-/disease-related symptoms have the greatest impact on their well-being, and gain caregiver perspectives.&#xd;
Methods&#xd;
A noninterventional, cross-sectional, multimodal, mixed methods study was conducted from April–June 2021. Adult patients with SCLC and unpaid caregivers were eligible to participate. Patients’ experiences, captured via 5-day video diaries and follow-up interviews, were scored 1–10 on how bothersome the patients perceived each symptom/symptomatic adverse event. Patients indicated if they believed a symptom was disease or treatment related. Caregivers participated in an online community board.&#xd;
Results&#xd;
The study included nine patients (five with extensive-stage [ES] disease, four with limited-stage [LS] disease) and nine caregivers. Except for one patient/caregiver pairing, patients and caregivers were unmatched. The most common impactful symptoms in patients with ES-SCLC were shortness of breath, fatigue, coughing, chest pain, and nausea/vomiting; in LS-SCLC, these were fatigue and shortness of breath. Among patients with ES disease, SCLC had a high impact on physical (leisure/hobbies, work, sleep, ability to do household chores and errands/responsibilities outside home), social (family dynamics, extrafamilial social interaction), and emotional (mental health) aspects. Patients with LS-SCLC faced the long-term physical effects of treatment, financial implications, and emotional toll of an uncertain prognosis. SCLC had a high personal and psychologic burden among caregivers, whose duties consumed much of their time. Caregivers observed similar symptoms and impacts of SCLC as those reported by patients.&#xd;
Conclusions&#xd;
This study provides valuable insight into patient- and caregiver-perceived burden of SCLC and can inform the design of prospective studies. Clinicians should seek to understand patients’ opinions and priorities before making treatment decisions.</subfield>
   </datafield>
   <datafield tag="653" ind2=" " ind1=" ">
      <subfield code="a">Pulmons - Càncer</subfield>
   </datafield>
   <datafield tag="653" ind2=" " ind1=" ">
      <subfield code="a">Cuidadors</subfield>
   </datafield>
   <datafield tag="653" ind2=" " ind1=" ">
      <subfield code="a">Símptomes</subfield>
   </datafield>
   <datafield tag="653" ind2=" " ind1=" ">
      <subfield code="a">Entrevista</subfield>
   </datafield>
   <datafield tag="653" ind2=" " ind1=" ">
      <subfield code="a">DISEASES::Neoplasms::Neoplasms by Site::Thoracic Neoplasms::Respiratory Tract Neoplasms::Lung Neoplasms::Bronchial Neoplasms::Carcinoma, Bronchogenic::Small Cell Lung Carcinoma</subfield>
   </datafield>
   <datafield tag="653" ind2=" " ind1=" ">
      <subfield code="a">ANALYTICAL, DIAGNOSTIC AND THERAPEUTIC TECHNIQUES, AND EQUIPMENT::Diagnosis::Diagnostic Techniques and Procedures::Symptom Assessment</subfield>
   </datafield>
   <datafield tag="653" ind2=" " ind1=" ">
      <subfield code="a">NAMED GROUPS::Persons::Caregivers</subfield>
   </datafield>
   <datafield tag="653" ind2=" " ind1=" ">
      <subfield code="a">ANALYTICAL, DIAGNOSTIC AND THERAPEUTIC TECHNIQUES, AND EQUIPMENT::Investigative Techniques::Epidemiologic Methods::Data Collection::Interviews as Topic</subfield>
   </datafield>
   <datafield tag="653" ind2=" " ind1=" ">
      <subfield code="a">ENFERMEDADES::neoplasias::neoplasias por localización::neoplasias torácicas::neoplasias del tracto respiratorio::neoplasias pulmonares::neoplasias de los bronquios::carcinoma broncogénico::carcinoma pulmonar de células pequeñas</subfield>
   </datafield>
   <datafield tag="653" ind2=" " ind1=" ">
      <subfield code="a">TÉCNICAS Y EQUIPOS ANALÍTICOS, DIAGNÓSTICOS Y TERAPÉUTICOS::diagnóstico::técnicas y procedimientos diagnósticos::evaluación de síntomas</subfield>
   </datafield>
   <datafield tag="653" ind2=" " ind1=" ">
      <subfield code="a">DENOMINACIONES DE GRUPOS::personas::cuidadores de pacientes</subfield>
   </datafield>
   <datafield tag="653" ind2=" " ind1=" ">
      <subfield code="a">TÉCNICAS Y EQUIPOS ANALÍTICOS, DIAGNÓSTICOS Y TERAPÉUTICOS::técnicas de investigación::métodos epidemiológicos::recopilación de datos::entrevistas como asunto</subfield>
   </datafield>
   <datafield ind2="0" ind1="0" tag="245">
      <subfield code="a">Symptoms and Experiences with Small Cell Lung Cancer: A Mixed Methods Study of Patients and Caregivers</subfield>
   </datafield>
</record></metadata></record></GetRecord></OAI-PMH>